| 000 | 00729nam a22002177a 4500 | ||
|---|---|---|---|
| 999 |
_c19524 _d19524 |
||
| 003 | AR-CdUCM | ||
| 008 | 190508b ||||| |||| 00| 0 spa d | ||
| 040 |
_aMUNICIPALIDAD PROVINCIAL DEL CUSCO _cBIBLIOTECA MUNICIPAL DEL CUSCO |
||
| 041 | _heng | ||
| 082 |
_a336 / _bH26 |
||
| 100 |
_aHaveman, Robert H. _940901 |
||
| 245 | _aEl sector público / | ||
| 260 |
_aBuenos Aires : _bCentro regional de ayuda técnica, _c1970. |
||
| 300 |
_a264 páginas ; _c20 cm. |
||
| 505 | _aContenido : Sector publico -- Sistema de mercado -- El principio del marxismo -- Fallas de mercado... | ||
| 650 |
_aPresupuesto federal _940902 |
||
| 650 |
_aTeoría económica _94478 |
||
| 650 |
_aMercado _942 |
||
| 942 |
_2ddc _cLIBROS |
||
| 945 | _arcc | ||